[Event "Africa-ch rapid (Women)"]
[Site "Accra"]
[Date "2024.03.10"]
[Round "4"]
[White "Shaba, Linda Dalitso"]
[Black "Vilhete, Vania Fausto da T"]
[Result "1-0"]
[WhiteElo "1836"]
[BlackElo "1829"]
[PlyCount "79"]
[EventDate "2024.03.07"]
[EventType "swiss (rapid)"]
[EventRounds "6"]
[EventCountry "GHA"]
[SourceTitle "CB15_2024"]
[SourceDate "2024.04.10"]
[SourceVersion "1"]
[SourceVersionDate "2024.04.10"]
[SourceQuality "1"]

1. d4 d5 2. Nf3 e6 3. g3 Nf6 4. Bg2 Be7 5. 0-0 0-0 6. c4 b6 7. Nc3 Bb7 8. cxd5 exd5 9. Bf4 c6 10. Qc2 Nbd7 11. Rac1 Nh5 12. Bd2 Rc8 13. Qb3 Nhf6 14. Bg5 Re8 15. Rfe1 h6 16. Bf4 Nf8 17. Bh3 Ra8 18. Ne5 Bd6 19. Nd3 Ng6 20. Bxd6 Qxd6 21. e3 Rab8 22. Qa4 a6 23. b4 Ne4 24. Qc2 Qf6 25. Nxe4 dxe4 26. Nb2 Qe7 27. a3 a5 28. Qd2 axb4 29. axb4 Red8 30. Qc3 c5 31. bxc5 bxc5 32. dxc5 Bc6 33. Red1 Ne5 34. Bg2 Nf3+ 35. Kh1 Rxd1+ 36. Rxd1 Qb7 37. Nc4 Qb3 38. Qxb3 Rxb3 39. Na5 Rd3 40. Bxf3 1-0

[Event "Africa-chT rapid 13th"]
[Site "Accra"]
[Date "2024.03.09"]
[Round "3.4"]
[White "Wafa, Shahenda"]
[Black "Shaba, Linda Dalitso"]
[Result "1-0"]
[WhiteElo "2083"]
[BlackElo "1836"]
[PlyCount "107"]
[EventDate "2024.03.09"]
[EventType "team-swiss (rapid)"]
[EventRounds "6"]
[EventCountry "GHA"]
[SourceTitle "CB11_2024"]
[SourceDate "2024.03.13"]
[SourceVersion "1"]
[SourceVersionDate "2024.03.13"]
[SourceQuality "1"]
[WhiteTeam "Egypt"]
[BlackTeam "Zimbabwe"]
[WhiteTeamCountry "EGY"]
[BlackTeamCountry "ZIM"]

1. e4 e5 2. Nf3 Nc6 3. Bb5 d6 4. c3 Nf6 5. 0-0 Be7 6. d4 exd4 7. cxd4 0-0 8. Nc3 Bg4 9. Be3 Bh5 10. h3 h6 11. a3 Nh7 12. Be2 Re8 13. Qb3 Qc8 14. Rac1 Bf6 15. d5 Ne5 16. Nxe5 Bxe2 17. Nxe2 Bxe5 18. f4 Bf6 19. Qc2 Bd8 20. Bd4 Bf6 21. Rfe1 Bxd4+ 22. Nxd4 Nf6 23. Qxc7 Qxc7 24. Rxc7 Nxd5 25. Rxb7 Nxf4 26. Nf5 Reb8 27. Nxd6 Rxb7 28. Nxb7 Rb8 29. Rf1 Nxh3+ 30. gxh3 Rxb7 31. Rf2 Rb3 32. Kg2 Re3 33. Rc2 Rxe4 34. Kf3 Re7 35. b4 g6 36. a4 Kg7 37. b5 Kf6 38. Rc5 Ke6 39. Kf4 Kd6 40. Rc6+ Kd5 41. Rf6 Kc5 42. h4 Kb4 43. Ra6 Kc5 44. h5 gxh5 45. Rxh6 Kb4 46. Ra6 Rd7 47. Kg5 Rd5+ 48. Kh4 Rc5 49. Rxa7 f6 50. b6 Rc8 51. Kxh5 Rb8 52. a5 Rg8 53. b7 Rb8 54. a6 1-0

[Event "Africa-ch U2300 (Women)"]
[Site "Mombasa"]
[Date "2022.12.02"]
[Round "8"]
[White "Shaba, Linda Dalitso"]
[Black "Kimani, Wanjiru"]
[Result "1-0"]
[WhiteElo "1711"]
[BlackElo "1181"]
[PlyCount "65"]
[EventDate "2022.11.27"]
[EventType "swiss"]
[EventRounds "9"]
[EventCountry "KEN"]
[SourceTitle "EXT 2024"]
[Source "ChessBase"]
[SourceDate "2023.10.10"]
[SourceVersion "1"]
[SourceVersionDate "2023.10.10"]
[SourceQuality "1"]

1. Nf3 Nf6 2. g3 g6 3. Bg2 Bg7 4. 0-0 d6 5. d4 0-0 6. c4 Nbd7 7. Nc3 e5 8. b3 a6 9. Bb2 Nh5 10. Nd5 c6 11. Nc3 f5 12. e3 Nb6 13. dxe5 dxe5 14. Qxd8 Rxd8 15. Rad1 Be6 16. Ng5 Bf7 17. Ba3 Bf6 18. Nxf7 Kxf7 19. Bd6 Rd7 20. Bc5 Rxd1 21. Rxd1 Nc8 22. Rd7+ Ke6 23. Rxb7 e4 24. Ne2 Be7 25. Nd4+ Kf6 26. Bxe7+ Nxe7 27. Rc7 Ng7 28. Nxc6 Nxc6 29. Rxc6+ Ke5 30. Bf1 a5 31. c5 h5 32. Bc4 Re8 33. a3 1-0

[Event "Olympiad Women-44"]
[Site "Chennai"]
[Date "2022.08.09"]
[Round "11.2"]
[White "Guindy, Esmat Susanne"]
[Black "Shaba, Linda Dalitso"]
[Result "1-0"]
[WhiteElo "2097"]
[BlackElo "1658"]
[PlyCount "130"]
[EventDate "2022.07.29"]
[EventType "team-swiss"]
[EventRounds "11"]
[EventCountry "IND"]
[SourceTitle "CBM 210"]
[Source "ChessBase"]
[SourceDate "2022.10.31"]
[SourceVersion "1"]
[SourceVersionDate "2022.10.31"]
[SourceQuality "1"]
[WhiteTeam "Denmark (W)"]
[BlackTeam "Zimbabwe (W)"]
[WhiteTeamCountry "DEN"]
[BlackTeamCountry "ZIM"]

1. d4 e6 2. c4 f5 3. g3 Nf6 4. Bg2 Be7 5. Nf3 0-0 6. 0-0 d6 7. b3 Nc6 8. Bb2 Qe8 9. d5 exd5 10. cxd5 Nb4 11. Nc3 Qf7 12. Nd4 Nfxd5 13. Nxd5 Nxd5 14. Nxf5 Qxf5 15. Qxd5+ Qxd5 16. Bxd5+ Kh8 17. Bg2 Bf6 18. Rab1 c6 19. e4 Be6 20. Rfd1 Rad8 21. Bxf6 gxf6 22. Rb2 f5 23. Rbd2 fxe4 24. Rxd6 Rxd6 25. Rxd6 Bf5 26. h3 Rf7 27. g4 Bg6 28. Re6 Rd7 29. Bxe4 Bf7 30. Re5 Kg7 31. g5 Bg6 32. h4 Rd4 33. Bxg6 Kxg6 34. Re6+ Kf7 35. Rh6 Kg7 36. Kg2 Rd2 37. Re6 Kf7 38. Rf6+ Kg7 39. a4 Rd4 40. Kg3 Rb4 41. Rf3 Kg6 42. Rd3 Kf5 43. f3 Kg6 44. f4 Kf5 45. Rf3 Rb6 46. Rc3 Rb4 47. h5 b6 48. Rxc6 Rxb3+ 49. Kh4 Kxf4 50. g6 hxg6 51. hxg6 Rb1 52. Rf6+ Ke5 53. Rf7 Rg1 54. Kh5 Rh1+ 55. Kg5 a6 56. Rf5+ Kd6 57. Kf6 Rg1 58. g7 Rxg7 59. Kxg7 Kc6 60. Kf6 b5 61. axb5+ axb5 62. Ke5 Kc5 63. Rf8 Kc4 64. Ke4 Kc3 65. Rc8+ Kb3 1-0

[Event "Online Olym Div Top-A"]
[Site "Chess.com INT"]
[Date "2020.08.21"]
[Round "2.3"]
[White "Gevorgyan, Irina"]
[Black "Shaba, Linda Dalitso"]
[Result "1/2-1/2"]
[WhiteElo "2245"]
[BlackElo "1605"]
[PlyCount "102"]
[EventDate "2020.08.21"]
[EventType "tourn (rapid)"]
[EventRounds "9"]
[EventCountry "USA"]
[SourceTitle "CBM 198"]
[Source "ChessBase"]
[SourceDate "2020.10.31"]
[SourceVersion "1"]
[SourceVersionDate "2020.10.31"]
[SourceQuality "1"]
[WhiteTeam "Uzbekistan"]
[BlackTeam "Zimbabwe"]
[WhiteTeamCountry "UZB"]
[BlackTeamCountry "ZIM"]

1. Nf3 Nf6 2. c4 e6 3. Nc3 Be7 4. e4 d5 5. e5 Ng8 6. d4 b6 7. Be3 Bb7 8. cxd5 Bxd5 9. Rc1 Nd7 10. Ba6 Bb4 11. Qa4 Bxc3+ 12. Rxc3 Bxf3 13. gxf3 Ne7 14. Bb7 Rb8 15. Qxa7 0-0 16. Be4 Rc8 17. Ke2 c6 18. Qa4 c5 19. Rd1 Qc7 20. dxc5 Nxc5 21. Bxc5 bxc5 22. Rd7 Qxe5 23. Rxe7 f5 24. Qd7 fxe4 25. Qxe6+ Qxe6 26. Rxe6 exf3+ 27. Rxf3 Rxf3 28. Kxf3 Kf7 29. Re2 Kf6 30. Ke3 Ke5 31. Kd3+ Kd5 32. Kc3 Rc7 33. a4 Ra7 34. b3 Rf7 35. a5 Ra7 36. b4 cxb4+ 37. Kxb4 Rb7+ 38. Ka4 Kc5 39. Rc2+ Kd6 40. a6 Rb1 41. Ka5 h5 42. a7 Ra1+ 43. Kb6 Rb1+ 44. Ka6 Ra1+ 45. Kb7 Rb1+ 46. Ka8 Kd7 47. f4 g6 48. Rd2+ Ke7 49. Rc2 Kd7 50. Rg2 Rb6 51. Rc2 Rb1 1/2-1/2

[Event "Africa-ch Blitz (Women)"]
[Site "Casablanca"]
[Date "2019.08.28"]
[Round "5.7"]
[White "Francis, Onkemetse"]
[Black "Shaba, Linda Dalitso"]
[Result "0-1"]
[WhiteElo "1755"]
[BlackElo "1615"]
[PlyCount "65"]
[EventDate "2019.08.28"]
[EventType "swiss (blitz)"]
[EventRounds "9"]
[EventCountry "MAR"]
[SourceTitle "EXT 2024"]
[Source "ChessBase"]
[SourceDate "2023.10.10"]
[SourceVersion "1"]
[SourceVersionDate "2023.10.10"]
[SourceQuality "1"]

1. e4 e6 2. d4 d5 3. exd5 exd5 4. Bd3 Nf6 5. Ne2 Bg4 6. 0-0 Bd6 7. f3 Bh5 8. Bf4 0-0 9. Nbc3 c6 10. Bg5 Nbd7 11. Re1 Re8 12. Qd2 Qc7 13. h3 Re7 14. Bf4 Rae8 15. Bxd6 Qxd6 16. Rf1 Bg6 17. Bxg6 hxg6 18. Qf4 Qb4 19. Rab1 Rxe2 20. Nxe2 Rxe2 21. c3 Qb6 22. Qc1 Qd8 23. Re1 Qe7 24. Rxe2 Qxe2 25. Qf4 Nh5 26. Qh4 Qe3+ 27. Kh1 Qf4 28. Qxf4 Nxf4 29. Re1 Kf8 30. Kh2 Nd3 31. Re2 Nf2 32. Rxf2 Nf6 33. g3 0-1

[Event "Africa-ch Blitz (Women)"]
[Site "Casablanca"]
[Date "2019.08.28"]
[Round "8.7"]
[White "Shaba, Linda Dalitso"]
[Black "Rania, Sbai"]
[Result "1-0"]
[WhiteElo "1615"]
[BlackElo "1813"]
[PlyCount "113"]
[EventDate "2019.08.28"]
[EventType "swiss (blitz)"]
[EventRounds "9"]
[EventCountry "MAR"]
[SourceTitle "EXT 2024"]
[Source "ChessBase"]
[SourceDate "2023.10.10"]
[SourceVersion "1"]
[SourceVersionDate "2023.10.10"]
[SourceQuality "1"]

1. d4 d5 2. Nf3 Nf6 3. g3 e6 4. Bg2 c5 5. c3 Nc6 6. 0-0 Be7 7. Nbd2 0-0 8. Re1 Qc7 9. Nb3 cxd4 10. cxd4 Nb4 11. Bf4 Qc2 12. a3 Qxd1 13. Rexd1 Nc6 14. Ne5 Nd7 15. Nxc6 bxc6 16. Rac1 Ba6 17. Rxc6 Bxe2 18. Rdc1 Bc4 19. Nd2 Rac8 20. Rxc8 Rxc8 21. b3 Ba6 22. Rc7 Rxc7 23. Bxc7 Bxa3 24. Bf1 Bxf1 25. Kxf1 Bb4 26. Nf3 Nf6 27. Bb8 a6 28. Ke2 Ne4 29. Ba7 f6 30. h3 Kf7 31. Bb8 Ke7 32. Ne1 Nc3+ 33. Kd3 Nd1 34. Ke2 Nc3+ 35. Kd3 Ne4 36. Nc2 Ba5 37. Ke2 Bb6 38. f3 Nxg3+ 39. Bxg3 f5 40. Kd3 g5 41. Be5 Bd8 42. Nb4 a5 43. Nc6+ Ke8 44. Nxd8 Kxd8 45. Bf6+ Kd7 46. Bxg5 Kc6 47. Bd2 Kb5 48. Ke3 a4 49. bxa4+ Kxa4 50. Kf4 Kb3 51. Ke5 Kc4 52. Bg5 Kd3 53. f4 Ke3 54. h4 h5 55. Bh6 Kd3 56. Bg7 Ke3 57. Bf6 1-0

[Event "Africa-ch Blitz (Women)"]
[Site "Casablanca"]
[Date "2019.08.28"]
[Round "9.1"]
[White "Wafa, Shahenda"]
[Black "Shaba, Linda Dalitso"]
[Result "0-1"]
[WhiteElo "2003"]
[BlackElo "1615"]
[PlyCount "56"]
[EventDate "2019.08.28"]
[EventType "swiss (blitz)"]
[EventRounds "9"]
[EventCountry "MAR"]
[SourceTitle "EXT 2024"]
[Source "ChessBase"]
[SourceDate "2023.10.10"]
[SourceVersion "1"]
[SourceVersionDate "2023.10.10"]
[SourceQuality "1"]

1. e4 e6 2. d4 d5 3. Nc3 Nf6 4. e5 Nfd7 5. f4 c5 6. Nf3 Nc6 7. Be3 cxd4 8. Nxd4 Nxd4 9. Bxd4 a6 10. Qd2 Bc5 11. Bxc5 Nxc5 12. 0-0-0 Bd7 13. f5 Qc7 14. fxe6 fxe6 15. Qg5 0-0 16. g4 Rf2 17. Qe3 Raf8 18. Bd3 R2f3 19. Qe2 Rf2 20. Qe1 Nxd3+ 21. Rxd3 Bb5 22. Rd1 d4 23. Kb1 dxc3 24. bxc3 Qc4 25. Rd4 Qc5 26. Kb2 Qb6 27. Ka1 Qa5 28. Qc1 Qxc3+ 0-1

[Event "Africa-chT rapid (Women)"]
[Site "Casablanca"]
[Date "2019.08.27"]
[Round "8.10"]
[White "Mongeli, Sasha"]
[Black "Shaba, Linda Dalitso"]
[Result "1/2-1/2"]
[WhiteElo "1516"]
[BlackElo "1615"]
[PlyCount "50"]
[EventDate "2019.08.26"]
[EventType "swiss (rapid)"]
[EventRounds "9"]
[EventCountry "MAR"]
[SourceTitle "EXT 2020"]
[Source "ChessBase"]
[SourceDate "2019.10.17"]
[SourceVersion "1"]
[SourceVersionDate "2019.10.17"]
[SourceQuality "1"]

1. e4 e6 2. d4 d5 3. exd5 exd5 4. Bf4 Nf6 5. Nf3 Bf5 6. Bd3 Bxd3 7. Qxd3 Bd6 8. Bxd6 Qxd6 9. 0-0 0-0 10. Re1 Nbd7 11. Nbd2 Rfe8 12. h3 Qb4 13. Nb3 a5 14. c3 Qd6 15. Nbd2 Qf4 16. Nf1 Ne4 17. Qe3 Qxe3 18. Rxe3 Nef6 19. Rae1 Kf8 20. N1d2 Rxe3 21. Rxe3 Re8 22. Rxe8+ Kxe8 23. Kf1 h6 24. Ke2 Ke7 25. Ke3 Kd6 1/2-1/2

[Event "Africa-chT rapid (Women)"]
[Site "Casablanca"]
[Date "2019.08.27"]
[Round "7.5"]
[White "Shaba, Linda Dalitso"]
[Black "Marzouk, Amira"]
[Result "0-1"]
[WhiteElo "1615"]
[BlackElo "1639"]
[PlyCount "94"]
[EventDate "2019.08.26"]
[EventType "swiss (rapid)"]
[EventRounds "9"]
[EventCountry "MAR"]
[SourceTitle "EXT 2020"]
[Source "ChessBase"]
[SourceDate "2019.10.17"]
[SourceVersion "1"]
[SourceVersionDate "2019.10.17"]
[SourceQuality "1"]

1. d4 Nf6 2. c4 e6 3. Nf3 d5 4. cxd5 exd5 5. g3 Be7 6. Bg2 0-0 7. 0-0 Bg4 8. h3 Bxf3 9. Bxf3 c6 10. Bg5 Nbd7 11. Nc3 Re8 12. Qc2 Bd6 13. Bg4 Qc7 14. Bxf6 Nxf6 15. Bf3 Re7 16. Rac1 Rae8 17. e3 Qb8 18. Na4 h6 19. a3 Nh7 20. h4 Re6 21. Nc5 Rg6 22. Bh5 Bxg3 23. Bxg6 Bh2+ 24. Kh1 fxg6 25. Qxg6 Nf8 26. Qg2 Bd6 27. Rg1 Qc7 28. b4 Qe7 29. Qg4 Bxc5 30. bxc5 Nd7 31. Rg2 Nf6 32. Qg6 Kh8 33. Rcg1 Rg8 34. f3 Qxe3 35. Qxf6 Qxg1+ 36. Rxg1 gxf6 37. Rxg8+ Kxg8 38. Kh2 Kf7 39. Kg3 Kg6 40. Kf4 Kh5 41. Kf5 Kxh4 42. Kxf6 Kg3 43. Ke7 Kxf3 44. Kd7 Ke3 45. Kc7 Kxd4 46. Kxb7 Kxc5 47. a4 Kb4 0-1

[Event "Africa-chT rapid (Women)"]
[Site "Casablanca"]
[Date "2019.08.26"]
[Round "5.11"]
[White "Shaba, Linda Dalitso"]
[Black "Magne, Kouokam Sylviane"]
[Result "1-0"]
[WhiteElo "1615"]
[BlackElo "1356"]
[PlyCount "111"]
[EventDate "2019.08.26"]
[EventType "swiss (rapid)"]
[EventRounds "9"]
[EventCountry "MAR"]
[SourceTitle "EXT 2020"]
[Source "ChessBase"]
[SourceDate "2019.10.17"]
[SourceVersion "1"]
[SourceVersionDate "2019.10.17"]
[SourceQuality "1"]

1. d4 d5 2. Nf3 g6 3. g3 Bg7 4. Bg2 Nc6 5. 0-0 Nf6 6. b3 0-0 7. Bb2 Bf5 8. a3 Re8 9. Nbd2 e5 10. dxe5 Ne4 11. Rb1 Qd7 12. Re1 Rad8 13. Nd4 Nxd4 14. Bxd4 b6 15. f4 c5 16. Bb2 Nxd2 17. Qxd2 d4 18. Rbd1 Bg4 19. c3 Qb5 20. cxd4 cxd4 21. Qd3 Qxd3 22. Rxd3 Bf8 23. b4 Bf5 24. Rxd4 Rxd4 25. Bxd4 Rd8 26. Bf2 Rd2 27. e4 Be6 28. Bf3 Ra2 29. Re3 Bh3 30. Bg2 Bg4 31. h3 Be6 32. g4 a5 33. Rd3 Bc4 34. Rd8 axb4 35. axb4 Rb2 36. Bxb6 Kg7 37. Bc5 Rb1+ 38. Kf2 Rb2+ 39. Kg3 Rb3+ 40. Kh4 Bxc5 41. bxc5 Rb2 42. Rd4 Bb5 43. Bf3 Rh2 44. Kg3 Rc2 45. f5 Rxc5 46. Rd5 Rxd5 47. exd5 gxf5 48. gxf5 Kf8 49. Kh4 Ke7 50. Kg5 Bd3 51. d6+ Kd7 52. Kf6 Ke8 53. Bh5 Bc4 54. e6 Kf8 55. d7 fxe6 56. d8R# 1-0

[Event "Africa-chT rapid"]
[Site "Casablanca"]
[Date "2019.08.24"]
[Round "2.3"]
[White "Shaba, Linda Dalitso"]
[Black "Nassr, Lina"]
[Result "1/2-1/2"]
[WhiteElo "1615"]
[BlackElo "1938"]
[PlyCount "85"]
[EventDate "2019.08.24"]
[EventType "team-swiss (rapid)"]
[EventRounds "9"]
[EventCountry "MAR"]
[SourceTitle "EXT 2020"]
[Source "ChessBase"]
[SourceDate "2019.10.17"]
[SourceVersion "1"]
[SourceVersionDate "2019.10.17"]
[SourceQuality "1"]
[WhiteTeam "Zimbabwe"]
[BlackTeam "Algeria"]
[WhiteTeamCountry "ZIM"]
[BlackTeamCountry "ALG"]

1. d4 d5 2. Nf3 Nf6 3. g3 e6 4. Bg2 Be7 5. 0-0 b6 6. c4 0-0 7. cxd5 exd5 8. Nc3 Bb7 9. Ne5 Re8 10. Qc2 Nbd7 11. Nxd7 Qxd7 12. Bg5 h6 13. Bxf6 Bxf6 14. e3 a6 15. Rac1 Rac8 16. Qb3 Red8 17. Ne2 Qd6 18. Bh3 Rb8 19. Rc2 c5 20. dxc5 bxc5 21. Qd3 c4 22. Qd2 d4 23. Nxd4 Qd5 24. f3 Rd6 25. Bg2 Rbd8 26. f4 Qxg2+ 27. Qxg2 Bxg2 28. Kxg2 Bxd4 29. exd4 Rxd4 30. Rfc1 Kh7 31. Kh3 Rd2 32. Rxd2 Rxd2 33. Rxc4 Rxb2 34. Ra4 Rb6 35. Kg4 Kg6 36. Ra5 Kf6 37. h3 g6 38. Kf3 Ke6 39. Re5+ Kd6 40. Ra5 Ke6 41. Re5+ Kd6 42. Ra5 Ke6 43. Re5+ 1/2-1/2